Gender and cultural identity in colonial Orissa / (Record no. 179585)

MARC details
000 -LEADER
fixed length control field 00723nam a22002057a 4500
005 - DATE AND TIME OF LATEST TRANSACTION
control field 20210623123604.0
010 ## - LCCN (DPL NO)
LC control number B-740276
020 ## - INTERNATIONAL STANDARD BOOK NUMBER
International Standard Book Number 9788125034315
Terms of availability 295.00
035 ## - SYSTEM CONTROL NUMBER
System control number B-740276
037 ## - SOURCE OF ACQUISITION
Source of stock number/acquisition Gift
082 ## - DEWEY DECIMAL CLASSIFICATION NUMBER
Classification number 305.80095413
100 ## - MAIN ENTRY--PERSONAL NAME
Personal name Mohanty, Sachidananda
245 ## - TITLE STATEMENT
Title Gender and cultural identity in colonial Orissa /
Statement of responsibility, etc by Sachidananda Mohanty
260 ## - PUBLICATION, DISTRIBUTION, ETC. (IMPRINT)
Place of publication, distribution, etc Hyderabad
Name of publisher, distributor, etc Orient Longman
Date of publication, distribution, etc 2008
270 ## - ADDRESS
Address 3-6-752, Himayatnagar
City Hyderabad
Postal code 500029
300 ## - PHYSICAL DESCRIPTION
Extent viii, 176p.:
Dimensions 22cm(pbk)
Other physical details ill.
500 ## - GENERAL NOTE
General note include bibliographical references and index
942 ## - ADDED ENTRY ELEMENTS (KOHA)
Source of classification or shelving scheme Dewey Decimal Classification
Item type English Books
Classification part 305.80095413
Call number suffix MOH
Holdings
Withdrawn status Lost status Not for loan Collection code Home library Current library Date acquired Source of acquisition Cost, normal purchase price Full call number Barcode Copy number Cost, replacement price Koha item type Public note
      Non-fiction Kadipur Kadipur 23/06/2021 Gift/Eng/02-06-2021 295.00 305.80095413 MOH B-740276 1 295.00 English Books Gift

© Delhi Public Library
Hit Counter
free hit counter